Литература и Зло (Запись № 7309094)

Подробности
000 -МАРКЕР
контрольное поле 00913nam0a22002771 4500
001 - ИДЕНТИФИКАТОР ЗАПИСИ
контрольное поле rc\129725
005 - ИДЕНТИФИКАТОР ВЕРСИИ
контрольное поле 20260406051933.0
010 ## - МЕЖДУНАРОДНЫЙ СТАНДАРТНЫЙ НОМЕР КНИГИ (ISBN)
Номер (ISBN) 5-211-03159-8
Тираж 20000
035 ## - ДРУГИЕ СИСТЕМНЫЕ НОМЕРА
Идентификатор записи (NLR Aleph) 005404585
100 ## - ДАННЫЕ ОБЩЕЙ ОБРАБОТКИ
Данные общей обработки 20030307d1994 |||y0rusy50 ca
101 0# - ЯЗЫК РЕСУРСА
Язык текста, звукозаписи и т.д. русский
102 ## - СТРАНА ПУБЛИКАЦИИ ИЛИ ПРОИЗВОДСТВА
Страна публикации Российская Федерация
105 ## - ПОЛЕ КОДИРОВАННЫХ ДАННЫХ: ТЕКСТОВЫЕ МАТЕРИАЛЫ, МОНОГРАФИЧЕСКИЕ
Кодированные данные о монографическом текстовом документе y |||||||||
200 1# - ЗАГЛАВИЕ И СВЕДЕНИЯ ОБ ОТВЕТСТВЕННОСТИ
Основное заглавие Литература и Зло
Сведения, относящиеся к заглавию [Сб. ст.
-- Пер. с фр.
Первые сведения об ответственности Авт. предисл. Н. Бунтман]
210 ## - ПУБЛИКАЦИЯ, РАСПРОСТРАНЕНИЕ И ДР.
Место издания, распространения и т.д. М.
Имя издателя, распространителя и т. д. МГУ
Дата издания, распространения и т.д. 1994
215 ## - ФИЗИЧЕСКАЯ ХАРАКТЕРИСТИКА
Специфическое обозначение материала и объем 165, [1] с.
Размеры 21
300 ## - ОБЩИЕ ПРИМЕЧАНИЯ
Текст примечания Перевод изд.: La litterature et le Mal / Georges Bataille (Ed. Gallimard)
320 ## - ПРИМЕЧАНИЯ О НАЛИЧИИ В ДОКУМЕНТЕ БИБЛИОГРАФИИ / УКАЗАТЕЛЯ
Текст примечания Библиогр. в примеч.: с. 147-164
700 #1 - ИМЯ ЛИЦА - ПЕРВИЧНАЯ ОТВЕТСТВЕННОСТЬ
Графика поля Кириллица
Материалы, к которым относится поле rus
Начальный элемент ввода Батай
Часть имени, кроме начального элемента ввода Ж.
Даты 1897-1962
Расширение инициалов личного имени Жорж
Системный номер авторитетной/нормативной записи 117017
Идентификатор авторитетной/нормативной записи RU\NLR\AUTH\777077
801 #0 - ИСТОЧНИК ЗАПИСИ
Страна Российская Федерация
Организация NLR
Правила каталогизации psbo
801 #1 - ИСТОЧНИК ЗАПИСИ
Страна Российская Федерация
Организация ELAR
Источник данных rusmarc
852 ## - МЕСТОНАХОЖДЕНИЕ И ШИФР ХРАНЕНИЯ
Идентификатор организации NLR
Шифр хранения (Call Number) 94-3/5843
942 ## - ДОПОЛНИТЕЛЬНЫЕ ЭЛЕМЕНТЫ ЗАПИСИ (АБИС)
Тип экземпляра АБИС Книга
980 ## - КОЛЛЕКЦИЯ
Название коллекции Национальная библиография
Экземпляры
Тип экземпляра Дата поступления Библиотека постоянного хранения Библиотека текущего хранения Место хранения Шифр хранения Штрих-код Статус экземпляра Стоимость Источник поступления
Книга 26.10.2013 РНБ (Московский) РНБ (Московский) Русский книжный фонд: издания с 1957 года 94-3/5843 1-188325      
Книга 13.12.2013 РНБ (Московский) РНБ (Московский) Фонд общего зала литературы по филологии, педагогике и искусству (гуманитарной литературы) Л1 Ш5(0)-304/Б-280 1-208823   0.00  
Книга 19.02.2014 РНБ (Садовая) РНБ (Садовая) Фонд научного зала литературы и искусства Нз Ш5(0)/Б-280 1-359310   120.00 Подсобные фонды РНБ
Книга 11.02.2015 РНБ (Фонтанка) РНБ (Фонтанка) Юношеский читальный зал Ю Ш5(4-8)-4/Б-28 1-705618     Источник неизвестен